| 000 | 01264nam0a2200301 4500 | ||
|---|---|---|---|
| 001 | RU\NLR\bibl\20402 | ||
| 005 | 20260406142027.0 | ||
| 010 |
_a5-89563-001-4 _94000 |
||
| 021 |
_aRU _b99-4510 _9209 |
||
| 035 | _a(NLR Aleph) 000019886 | ||
| 090 |
_a89855 _c89855 |
||
| 100 | _a19990406d1999 |||y0rusy50 ca | ||
| 101 | 0 | _arus | |
| 102 | _aRU | ||
| 105 | _a||||||||||||| | ||
| 200 | 1 |
_aЖилищное законодательство России _eСб. нормат. док. с коммент. _fАгентство "Бизнес-Информ" |
|
| 210 |
_aМ. _cБизнес-Информ _d1999 |
||
| 215 |
_a351 с. _d20 |
||
| 606 | 0 |
_aЖилищное право _jЗаконы, постановления и т.п. _yРоссийская Федерация _92071524 _3RU\NLR\auth\661246295 |
|
| 606 | 0 |
_aЖилищное право _jЗаконодательные материалы _yРоссийская Федерация _92071524 _3RU\NLR\auth\661246295 |
|
| 686 | _aХ623.211.33-39(2Р)21 | ||
| 712 | 0 | 2 |
_4570 _a"Бизнес-информ", агентство _cМосква _3RU\NLR\AUTH\889921146 _9338449 |
| 801 | 0 |
_aRU _bNLR _c19990406 _gPSBO |
|
| 801 | 1 |
_aRU _bNLR _c19990406 |
|
| 852 |
_aNLR _j99-3/1201 |
||
| 942 | _cBOOK | ||
| 980 | _aNB | ||